Crowdfunding - forma rizikového kapitálu
Podniky na zabezpečenie svojej činnosti potrebujú finančné prostriedky. Preto je nevyhnutné hľadať rôzne možnosti ich získavania a zabezpečiť tak potrebný kapitál. Komerčné banky, ktoré sú považované za hlavný zdroj financovania pre menšie podniky, sú stále menej ochotné poskytovať úvery začínajúcim...
Guardado en:
| Autor principal: | |
|---|---|
| Otros Autores: | |
| Formato: | Capítulo de libro |
| Lenguaje: | eslovaco |
| Materias: | |
| Etiquetas: |
Sin Etiquetas, Sea el primero en etiquetar este registro!
|
MARC
| LEADER | 00000naa a2200000 4500 | ||
|---|---|---|---|
| 001 | 0250458 | ||
| 005 | 20221104111515.9 | ||
| 041 | 0 | |a slo | |
| 044 | |a SK | ||
| 245 | 1 | 0 | |a Crowdfunding - forma rizikového kapitálu |c Rastislav Petráš, Jaromíra Vaňová |
| 520 | |a Podniky na zabezpečenie svojej činnosti potrebujú finančné prostriedky. Preto je nevyhnutné hľadať rôzne možnosti ich získavania a zabezpečiť tak potrebný kapitál. Komerčné banky, ktoré sú považované za hlavný zdroj financovania pre menšie podniky, sú stále menej ochotné poskytovať úvery začínajúcim podnikom. Crowdfunding, ako forma rizikového kapitálu, predstavuje jednu z možností. Equity based crowdfunding, výhody resp. nevýhody tejto formy financovania a možnosti jej využívania v podmienkach SR. | ||
| 610 | 2 | 0 | |a kapitál rizikový |
| 610 | 2 | 0 | |a financovanie cudzie |
| 610 | 2 | 0 | |a financovanie podnikov |
| 610 | 2 | 0 | |a zdroje finančné |
| 610 | 2 | 0 | |a zdroje finančné cudzie |
| 610 | 2 | 0 | |a Slovensko |
| 610 | 2 | 0 | |a Európska únia |
| 100 | 1 | |a Petráš, Rastislav | |
| 700 | 1 | |a Vaňová, Jaromíra | |